[Event "Match"]
[Site "www.echecsemail.com"]
[Date "2016.11.25"]
[Round "1"]
[White "Joseph1983"]
[Black "Tonino1"]
[WhiteElo "2200"]
[BlackElo "2030"]
[Result "1-0"]
[Round "1"]
1.e4 c6
2.d4 d5
3.Nb1c3 dxe4
4.Nc3xe4 Nb8d7
5.Ng1f3 Ng8f6
6.Ne4xf6 Nd7xf6
7.Bf1d3 e6
8.O-O Bf8e7
9.b3 O-O
10.Bc1b2 Qd8c7
11.c4 b6
12.Nf3e5 Bc8b7
13.Rf1e1 Ra8d8
14.Re1e3 c5
15.Qd1e2 cxd4
16.Re3h3 g6
17.Ra1d1 Nf6e8
18.Bb2c1 Ne8g7
19.Bc1h6 f5
20.Ne5f3 Qc7d6
21.Nf3g5 e5
22.Ng5xh7 e4
23.Bd3b1 d3
24.Qe2d2 Rf8f7
25.Nh7g5 Be7xg5
26.Bh6xg5 Ng7e6
27.Bg5xd8 Qd6xd8
28.Qd2h6 Rf7g7
29.Bb1xd3 exd3
30.Qh6h8 Kf7
31.Qh8xd8 Ne6xd8
32.Rh3xd3 Nd8e6
33.Rd3d7 Kf6
34.Rd7xg7 Ne6xg7
35.Rd1d6 Ng7e6
36.Rd6d7 Ne6c5
37.Rd7c7 a5
38.a3 Bb7e4
39.b4 axb4
40.axb4 Nc5d3
41.c5 b5
42.Rc7d7 Nd3xb4
43.f3 Be4c6
44.Rd7d4 Nb4d5
45.Kf2 Ke5
46.Rd4d2 b4
47.Ke1 f4
48.Kd1 b3
49.Kc1 Nd5e3
50.Rd2d6 Bc6e8
51.Rd6d8 Be8c6
52.Rd8d6 Bc6e8
53.Rd6d8 Be8f7
54.c6 Ne3d5
55.c7 Nd5xc7
56.Rd8d7 Bf7e6
57.Rd7xc7 Kf6
58.Kd2 g5
59.Kc3 g4
60.Kd4 gxf3
61.gxf3 Kg5
62.Ke5 { resign }
1-0

[Event "Match"]
[Site "www.echecsemail.com"]
[Date "2016.11.25"]
[Round "1"]
[White "Ranjachess"]
[Black "Rindrandria"]
[WhiteElo "1680"]
[BlackElo "1750"]
[Result "0-1"]
[Round "1"]
1.d4 d5
2.Nb1c3 g6
3.e4 dxe4
4.Nc3xe4 Bc8f5
5.Ne4c3 Bf8h6
6.Qd1f3 Bh6xc1
7.Ra1xc1 Qd8c8
8.Qf3e3 Ng8f6
9.Bf1e2 O-O
10.Qe3xe7 Nb8d7
11.Qe7e3 Nf6g4
12.Qe3f4 Rf8e8
13.h3 Ng4f6
14.Ng1f3 Nf6h5
15.Qf4h4 b5
16.Nc3xb5 Qc8b7
17.c4 a6
18.a4 axb5
19.d5 Bf5d3
20.Nf3d4 bxc4
21.O-O Qb7xd5
22.Be2f3 Re8e4
23.Bf3xe4 Qd5xd4
24.Rf1d1 Nd7f6
25.Kh2 Nf6xe4
26.f3 Qd4e5
27.g3 Ne4xg3
28.f4 Qe5e2
29.Kg1 Kg7
30.Rd1e1 Qe2xb2
31.Qh4g4 Bd3e4
32.Re1xe4 Qb2xc1
33.Kf2 Ng3xe4
34.Kg2 Nh5xf4
35.Kh2 Ra8xa4
36.Qg4g1 Ra4a2
37.Kh1 Ne4g3

0-1

[Event "Tourn. n8926"]
[Site "www.chess-mail.com"]
[Date "2016.11.26"]
[Round "1"]
[White "Guzenko"]
[Black "Hundegana"]
[WhiteElo "2049"]
[BlackElo "2000"]
[Result "0-1"]
[Round "1"]
1.d4 d5
2.c4 Ng8f6
3.Nb1c3 dxc4
4.e4 c6
5.Bf1xc4 e6
6.Bc1g5 h6
7.Bg5h4 g5
8.e5 Nf6d5
9.Bh4g3 Bf8b4
10.Bc4xd5 Qd8xd5
11.Qd1f3 Qd5xf3
12.Ng1xf3 Nb8d7
13.O-O O-O
14.Nc3e4 b6
15.a3 Bb4e7
16.Ne4d6 Be7xd6
17.exd6 Bc8a6
18.Rf1c1 Ra8c8
19.Nf3e5 Nd7xe5
20.dxe5 Rf8d8
21.a4 c5
22.f4 gxf4
23.Bg3xf4 Kh7
24.Rc1c3 Rd8g8
25.Rc3h3 Rg8g6
26.Ra1d1 Ba6b7
27.b3 Rg6xg2
28.Kf1 Rg2g6
29.Rh3g3 Bb7c6
30.d7 Rc8d8
31.Rg3d3 Rg6g4
32.Bf4g3 Bc6d5
33.Rd3xd5 exd5
34.Rd1xd5 Rg4d4
35.Rd5xd4 cxd4
36.Ke2 Rd8xd7
37.Kd3 Kg6
38.h3 Kf5
39.b4 Ke6
40.Bg3f4 h5
41.Bf4g3 Kd5
42.Bg3f4 Rd7c7
43.h4 Rc7c3
44.Ke2 Rc3a3
45.a5 bxa5
46.bxa5 Ra3xa5
47.Kd3 Ra5a3
48.Ke2 Ke4
49.Bf4g5 Kxe5
50.Kd2 f6
51.Bg5h6 Ke4
52.Bh6g7 f5
53.Bg7h6 f4
54.Bh6f8 Ra3h3
55.Bf8e7 f3
56.Ke1 d3
57.Be7c5 a5
58.Kd2 Rh3xh4
59.Bc5b6 a4
60.Kc3 a3
61.Kb3 d2
62.Kc2 a2
63.Kxd2 a1Q
64.Kc2 Rh4h2
65.Kb3 Rh2b2
66.Kc4 Qa1c1
{ resign }
0-1

[Event "Tourn. n9090"]
[Site "www.chess-mail.com"]
[Date "2016.11.26"]
[Round "1"]
[White "Bojan"]
[Black "Norlavuaram"]
[WhiteElo "2050"]
[BlackElo "2240"]
[Result "1-0"]
[Round "1"]
1.e4 e5
2.Ng1f3 Nb8c6
3.d4 exd4
4.Nf3xd4 Bf8c5
5.Nd4xc6 Qd8f6
6.f3 Qf6xc6
7.a3 Ng8e7
8.Nb1c3 O-O
9.Bc1f4 a6
10.Qd1d2 b5
11.Ra1d1 d6
12.Nc3e2 Ne7g6
13.Bf4g3 Bc8b7
14.Ne2d4 Qc6e8
15.c4 bxc4
16.Bf1xc4 d5
17.Nd4b3 dxe4
18.Nb3xc5 exf3
19.Kf2 fxg2
20.Rh1g1 Qe8c6
21.Nc5xb7 Qc6xb7
22.Bc4d5 Qb7b6
23.Qd2d4 Ra8b8
24.b4 Qb6b5
25.Bd5xg2 Rb8d8
26.Qd4c5 Qb5a4
27.Qc5c1 Rd8e8
28.Bg2c6 { resign }
1-0

[Event "Tourn. n9045"]
[Site "www.chess-mail.com"]
[Date "2016.11.26"]
[Round "1"]
[White "Krystek23"]
[Black "Ericleo1980"]
[WhiteElo "2330"]
[BlackElo "2240"]
[Result "1-0"]
[Round "1"]
1.c4 c5
2.Nb1c3 Ng8f6
3.Ng1f3 d5
4.cxd5 Nf6xd5
5.g3 Nb8c6
6.Bf1g2 Nd5c7
7.O-O g6
{ time. }
1-0

[Event "Tourn. n9080"]
[Site "www.chess-mail.com"]
[Date "2016.11.26"]
[Round "1"]
[White "Norlavuaram"]
[Black "Mitja"]
[WhiteElo "2270"]
[BlackElo "2000"]
[Result "1-0"]
[Round "1"]
1.e4 d5
2.exd5 Qd8xd5
3.Nb1c3 Qd5e6
4.Bf1e2 g6
5.Ng1f3 Bf8g7
6.O-O Ng8f6
7.d4 O-O
8.Be2d3 b6
9.Rf1e1 Qe6d6
10.Bc1g5 Bc8b7
11.Nc3b5 Qd6d8
12.Bg5f4 c6
13.Nb5c7 Nf6d5
14.Nc7xd5 cxd5
15.Qd1e2 e6
16.c3 Nb8c6
17.Ra1d1 Nc6e7
18.Nf3e5 Ne7c6
19.Bd3b1 Nc6xe5
20.Bf4xe5 Bg7xe5
21.Qe2xe5 Qd8e7
22.f4 Ra8e8
23.f5 Qe7g5
24.fxg6 Qg5xe5
25.gxh7 Kh8
26.Re1xe5 f5
27.Rd1e1 Bb7c8
28.Bb1xf5 Rf8xf5
29.Re5xf5 { resign }
1-0

[Event "Tourn. n9057"]
[Site "www.chess-mail.com"]
[Date "2016.11.26"]
[Round "1"]
[White "Foxy100"]
[Black "Romaamor69"]
[WhiteElo "2340"]
[BlackElo "2420"]
[Result "1/2-1/2"]
[Round "1"]
1.e4 e6
2.d4 d5
3.Nb1d2 dxe4
4.Nd2xe4 Nb8d7
5.Ng1f3 Ng8f6
6.Ne4xf6 Nd7xf6
7.Bf1d3 c5
8.dxc5 Bf8xc5
9.O-O O-O
10.Qd1e2 b6
11.Bc1g5 Bc8b7
12.Ra1d1 Qd8c7
13.Bg5xf6 gxf6
14.Bd3e4 Rf8d8
15.Be4xb7 Qc7xb7
16.c3 Qb7c7
17.h3 Rd8xd1
18.Rf1xd1 Ra8d8
19.Rd1xd8 Qc7xd8
20.c4 f5
{ draw }
1/2-1/2

[Event "Tourn. n9080"]
[Site "www.chess-mail.com"]
[Date "2016.11.26"]
[Round "1"]
[White "Bojan"]
[Black "Mitja"]
[WhiteElo "2000"]
[BlackElo "2000"]
[Result "1-0"]
[Round "1"]
1.e4 e5
2.Ng1f3 d6
3.h3 a6
4.d4 exd4
5.Nf3xd4 h6
6.Bf1c4 Qd8e7
7.Nb1c3 Ng8f6
8.Qd1e2 g6
9.Bc1d2 Bf8g7
10.O-O O-O
11.Qe2f3 Bc8d7
12.Rf1e1 Nb8c6
13.Bd2e3 Ra8e8
14.Bc4d5 Nf6xd5
15.Nc3xd5 Qe7d8
16.c3 Nc6e5
17.Qf3d1 Ne5c6
18.f3 Nc6xd4
19.cxd4 c6
20.Nd5c3 Qd8c7
21.Qd1d2 Kh7
22.Be3f4 c5
23.Nc3d5 Qc7c6
24.Bf4e3 cxd4
25.Be3xd4 Re8e6
26.Ra1c1 Qc6a4
27.Bd4xg7 Kxg7
28.b3 Qa4a3
29.Rc1c7 Bd7c6
30.Qd2d4 Kg8
31.Nd5f6 Re6xf6
32.Qd4xf6 Qa3c5
33.Kh1 d5
34.exd5 Qc5xd5
35.Kh2 Qd5a5
36.Re1e7 Bc6d5
37.Qf6e5 { resign }
1-0

[Event "Tourn. n9063"]
[Site "www.chess-mail.com"]
[Date "2016.11.26"]
[Round "1"]
[White "Mao"]
[Black "Llcervello"]
[WhiteElo "1920"]
[BlackElo "1650"]
[Result "1-0"]
[Round "1"]
1.e4 e5
2.Ng1f3 f6
3.Nf3xe5 g6
4.Ne5f3 Qd8e7
5.Nb1c3 f5
6.d3 c6
7.Bf1e2 Ng8f6
8.exf5 gxf5
9.O-O Nf6g4
10.Rf1e1 Qe7g7
11.Nf3g5 Bf8e7
12.Be2xg4 d5
13.Bg4h5 Kd7
14.Ng5f3 Rh8g8
15.g3 Be7d6
16.Nf3h4 f4
17.Nh4f5 Qg7g5
18.Nf5xd6 Qg5f6
19.Bc1xf4 Nb8a6
20.Nd6xc8 Kxc8
21.Qd1e2 b5
22.Qe2e6 Qf6xe6
23.Re1xe6 Na6b4
24.Ra1c1 d4
25.Nc3e4 Nb4xa2
26.Rc1a1 Na2b4
27.Bf4d2 Nb4xc2
28.Re6xc6 Kb7
29.Rc6xc2 Ra8c8
30.Ra1c1 Rc8e8
31.Ne4f6 Re8e5
32.Nf6xg8 Re5xh5
33.Ng8f6 Rh5f5
34.Rc2c7 Kb8
35.Bd2f4 Rf5xf6
36.Rc7f7 Rf6xf4
37.gxf4 { resign }
1-0

[Event "Tourn. n9049"]
[Site "www.chess-mail.com"]
[Date "2016.11.26"]
[Round "1"]
[White "Madz123456"]
[Black "Azulmarino"]
[WhiteElo "1420"]
[BlackElo "1610"]
[Result "1-0"]
[Round "1"]
1.e4 e5
2.Ng1f3 Nb8c6
3.Bf1b5 Nc6d4
4.Nf3xd4 exd4
5.O-O a6
6.Bb5c4 Ng8f6
7.Rf1e1 Bf8c5
8.e5 Nf6g8
9.b4 Bc5xb4
10.Qd1g4 d5
11.Qg4xg7 dxc4
12.Qg7xh8 Kf8
13.c3 Bb4c5
14.d3 cxd3
15.Bc1h6 Ke7
16.Bh6g5 f6
17.Qh8g7 Ke6
18.exf6 Kd5
19.f7 Bc8e6
20.Bg5xd8 { resign }
1-0

[Event "Tourn. n9090"]
[Site "www.chess-mail.com"]
[Date "2016.11.26"]
[Round "1"]
[White "B0zata"]
[Black "Bojan"]
[WhiteElo "2250"]
[BlackElo "2050"]
[Result "1-0"]
[Round "1"]
1.d4 d5
2.Ng1f3 h6
3.e3 a6
4.c4 dxc4
5.Bf1xc4 Bc8f5
6.Nf3e5 e6
7.Qd1f3 Nb8d7
8.Ne5xf7 Kxf7
9.Qf3xf5 Qd8f6
10.Bc4xe6 Ke7
11.Be6xd7 Ra8d8
12.Qf5xf6 Ng8xf6
13.Bd7f5 Kf7
14.Nb1c3 c6
15.O-O g6
16.Bf5h3 g5
17.g3 g4
18.Bh3g2 h5
19.b3 b5
20.Bc1b2 Rd8e8
21.Bg2xc6 Re8e6
22.Bc6d5 b4
23.Bd5xe6 Kxe6
24.Nc3e2 h4
25.Ne2f4 Kd7
26.d5 Rh8h6
27.Bb2xf6 { resign }
1-0

[Event "Match"]
[Site "www.echecsemail.com"]
[Date "2016.11.26"]
[Round "1"]
[White "Pellix84"]
[Black "Ditto"]
[WhiteElo "1950"]
[BlackElo "1850"]
[Result "1-0"]
[Round "1"]
1.d4 d5
2.Ng1f3 Nb8c6
3.c4 Ng8f6
4.cxd5 Nf6xd5
5.e4 Nd5f6
6.Nb1c3 Bc8g4
7.Bf1e2 e6
8.Bc1e3 Bf8b4
9.Qd1c2 O-O
10.O-O Ra8b8
11.e5 Nf6d5
12.Nc3xd5 Qd8xd5
13.Nf3g5 Bg4f5
14.Be2d3 Nc6e7
15.a3 Bb4a5
16.Ra1c1 c6
17.Ng5e4 Ne7g6
18.f3 Qd5d8
19.Qc2c5 Ba5b6
20.Qc5c4 Kh8
21.Ne4d6 Bf5xd3
22.Qc4xd3 Bb6c7
23.Nd6e4 Ng6e7
24.Be3g5 Qd8e8
25.Bg5f6 Ne7f5
26.g4 Nf5e7
27.h4 Ne7g6
28.h5 Ng6f4
29.Qd3c2 Bc7b6
30.Bf6xg7 Kxg7
31.Ne4f6 Rf8h8
32.Nf6xe8 Rb8xe8
33.h6 Kxh6
34.Qc2h2 Kg5
35.Rc1c4 Re8g8
36.Rf1e1 Rg8g6
37.Re1e4 Rg6h6
38.Qh2xf4 Kg6
39.Qf4f6 { resign }
1-0

[Event "Match"]
[Site "www.echecsemail.com"]
[Date "2016.11.26"]
[Round "1"]
[White "Karlgrocer"]
[Black "Jwc"]
[WhiteElo "2040"]
[BlackElo "1499"]
[Result "1-0"]
[Round "1"]
1.Ng1f3 d5
2.d4 Nb8c6
3.e3 Ng8f6
4.Bf1e2 a6
5.O-O e6
6.a3 Bf8d6
7.Nb1d2 O-O
8.b4 b5
9.Bc1b2 a5
10.c3 Nf6e4
11.Nd2xe4 dxe4
12.Nf3d2 axb4
13.cxb4 f6
14.Be2xb5 Bc8b7
15.Nd2xe4 e5
16.Bb5c4 Kh8
17.Ne4xd6  { time }
1-0

[Event "Match"]
[Site "www.echecsemail.com"]
[Date "2016.11.26"]
[Round "1"]
[White "Ssharp"]
[Black "Bojan"]
[WhiteElo "2180"]
[BlackElo "1890"]
[Result "1-0"]
[Round "1"]
1.e4 e5
2.f4 exf4
3.Ng1f3 Bf8c5
4.d4 Bc5b6
5.Bf1c4 f6
6.Bc1xf4 d6
7.Bc4xg8 Rh8xg8
8.Nb1d2 a6
9.h3 Bc8e6
10.Qd1e2 Qd8e7
11.O-O-O h6
12.Kb1 Nb8c6
13.Rh1e1 Be6f7
14.e5 fxe5
15.dxe5 dxe5
16.Bf4xe5 O-O-O
17.Be5c3 Qe7c5
18.Nd2b3 Bf7xb3
19.axb3 Qc5h5
20.Qe2e6 Kb8
21.Rd1xd8 Rg8xd8
22.Bc3xg7 Rd8g8
23.Qe6xg8 Ka7
24.Bg7c3 Bb6f2
25.Re1d1 Bf2b6
26.Rd1d5 Nc6e7
27.Rd5xh5 Ne7xg8
28.Bc3g7 Bb6e3
29.Bg7d4 { resign }
1-0

[Event "Match"]
[Site "www.echecsemail.com"]
[Date "2016.11.26"]
[Round "1"]
[White "Worldnumber1"]
[Black "Mdesouza"]
[WhiteElo "1809"]
[BlackElo "2330"]
[Result "0-1"]
[Round "1"]
1.e4 e6
2.d4 d5
3.Ng1f3 dxe4
4.Nf3e5 Ng8f6
5.c4 Bf8e7
6.Nb1c3 c5
7.d5 O-O
8.dxe6 Qd8xd1
 { time }
0-1

[Event "Match"]
[Site "www.echecsemail.com"]
[Date "2016.11.26"]
[Round "1"]
[White "Irene"]
[Black "Ericleo1980"]
[WhiteElo "1980"]
[BlackElo "2180"]
[Result "1-0"]
[Round "1"]
1.d4 d5
2.Nb1c3 Ng8f6
3.g3 c6
4.e3 Bc8g4
5.Bf1e2 Bg4xe2
6.Ng1xe2 Nb8d7
7.O-O e5
8.dxe5 Nd7xe5
9.Ne2f4 Bf8d6
10.Nc3e2 g5
11.Nf4d3 Ne5f3
12.Kg2 g4
13.Ne2g1 Nf3g5
14.f4 Ng5e4
15.b3 Qd8b6
16.Nd3f2 h5
17.Bc1b2 Rh8h6
18.Qd1d3 O-O-O
19.Bb2d4 Bd6c5
20.Ng1e2 Bc5xd4
21.exd4 h4
22.Nf2xe4 Nf6xe4
23.Qd3d1 hxg3
24.Ne2xg3 Rd8h8
25.Rf1h1 Ne4xg3
26.Qd1xg4 f5
27.Qg4xg3 Qb6xd4
28.Ra1f1 Qd4e4
29.Qg3f3 Rh6g6
{ time. }
1-0

[Event "Match"]
[Site "www.echecsemail.com"]
[Date "2016.11.26"]
[Round "1"]
[White "Worldnumber1"]
[Black "Andregor"]
[WhiteElo "1809"]
[BlackElo "2620"]
[Result "0-1"]
[Round "1"]
1.e4 e6
2.d4 d5
3.e5 c5
4.c3 Qd8b6
5.Ng1f3 Nb8c6
6.a3 Ng8h6
7.Bc1xh6 Qb6xb2
 { time }
0-1

[Event "Match"]
[Site "www.echecsemail.com"]
[Date "2016.11.26"]
[Round "1"]
[White "Llord"]
[Black "Azorau"]
[WhiteElo "1870"]
[BlackElo "1840"]
[Result "0-1"]
[Round "1"]
1.e4 e5
2.Ng1f3 Nb8c6
3.Bf1c4 h6
4.O-O b6
5.d3 Ng8f6
6.Bc1e3 a5
7.Nb1c3 Bc8a6
8.Nc3b5 Ba6xb5
9.Bc4xb5 Nc6a7
10.Bb5c4 c5
11.a3 Na7c6
12.Bc4d5 Bf8d6
13.Bd5b3 a4
14.Bb3a2 O-O
15.Nf3h4 Nf6h7
16.Nh4f5 Bd6e7
17.Nf5xe7 Qd8xe7
18.Qd1f3 Nh7f6
19.c3 Ra8d8
20.b4 axb3
21.Ba2xb3 Nc6a5
22.Bb3a2 Na5b7
23.Rf1e1 Qe7d6
24.Re1d1 Rd8a8
25.Qf3g3 g5
26.h4 Nf6h5
27.Qg3h3 Nb7d8
28.hxg5 Nh5f4
29.Be3xf4 exf4
30.gxh6 Kh7
31.Qh3f5 Kh8
32.h7 Qd6h6
33.f3 Ra8a5
34.c4 Nd8e6
35.Kf2 Qh6h4
36.Ke2 Ne6d4
{ resign }
0-1

[Event "Match"]
[Site "www.echecsemail.com"]
[Date "2016.11.26"]
[Round "1"]
[White "Calponas"]
[Black "Azorau"]
[WhiteElo "1990"]
[BlackElo "1870"]
[Result "1-0"]
[Round "1"]
1.e4 e5
2.Ng1f3 Nb8c6
3.Bf1b5 Nc6d4
4.Nf3xd4 exd4
5.d3 Bf8b4
6.Nb1d2 c6
7.Bb5a4 Ng8f6
8.a3 Bb4d6
9.O-O Qd8c7
10.g3 b6
11.f4 Bc8b7
12.Nd2f3 O-O-O
13.e5 Nf6g4
14.exd6 Qc7xd6
15.h3 Ng4f6
16.Nf3e5 Rd8f8
17.Ba4b3 Nf6d5
18.Bc1d2 Nd5e7
19.Ne5xf7 Rf8xf7
20.Bb3xf7 Rh8f8
21.Bf7h5 Ne7f5
22.Kh2 g5
23.Bh5g4 Nf5h6
24.Bg4f3 Nh6f7
25.fxg5 Nf7e5
26.Bd2f4 Ne5xf3
27.Qd1xf3 Qd6c5
28.Qf3e2 Bb7a6
29.Ra1c1 Qc5b5
30.Qe2e7 Rf8d8
31.Qe7d6 Kb7
32.Qd6c7 Ka8
33.Qc7xd8 { resign }
1-0

[Event "Match"]
[Site "www.echecsemail.com"]
[Date "2016.11.26"]
[Round "1"]
[White "Jwc"]
[Black "Guidom"]
[WhiteElo "1429"]
[BlackElo "2140"]
[Result "0-1"]
[Round "1"]
1.c4 c5
2.d3 Nb8c6
3.Ng1f3 g6
4.g3 Bf8g7
5.Bf1g2 Ng8f6
6.O-O O-O
7.e4 d6
8.Nb1c3 e5
9.Bc1e3 Bc8g4
10.Nc3d5 Nc6d4
11.Be3xd4 cxd4
12.Qd1d2 Nf6xd5
 { time }
0-1

[Event "Match"]
[Site "www.echecsemail.com"]
[Date "2016.11.26"]
[Round "1"]
[White "Ericleo1980"]
[Black "Numanoid"]
[WhiteElo "2240"]
[BlackElo "2330"]
[Result "0-1"]
[Round "1"]
1.d4 d5
2.Ng1f3 Ng8f6
3.c4 dxc4
4.Nb1c3 a6
5.a4 Nb8c6
6.e4 Bc8g4
7.d5 Nc6e5
8.Bc1f4 Ne5g6
9.Bf4g3 e5
10.Bf1xc4 { time. }
0-1

[Event "1/128 Finale"]
[Site "www.chess-mail.com"]
[Date "2016.11.26"]
[Round "1"]
[White "Bojan"]
[Black "Llord"]
[WhiteElo "1980"]
[BlackElo "1870"]
[Result "1-0"]
[Round "1"]
1.e4 e5
2.Ng1f3 Nb8c6
3.Bf1b5 a6
4.Bb5xc6 bxc6
5.d4 exd4
6.Qd1xd4 c5
7.Qd4d5 c6
8.Qd5c4 Bf8e7
9.Nb1c3 Ng8f6
10.e5 d5
11.Qc4f4 Nf6h5
12.Qf4e3 d4
13.Qe3e4 dxc3
14.Qe4xc6 Bc8d7
15.Qc6d5 Nh5f4
16.Bc1xf4 O-O
17.bxc3 Ra8a7
18.O-O Qd8a5
19.Bf4d2 Bd7e6
20.Qd5d3 c4
21.Qd3e3 Be7c5
22.Qe3e4 g6
23.Nf3d4 Bc5xd4
24.Qe4xd4 Rf8d8
25.Qd4f4 Ra7d7
26.Bd2e3 Qa5xc3
27.Qf4f6 Kf8
28.Be3h6 Ke8
29.Qf6h8 Ke7
30.Bh6g5 f6
31.Bg5xf6 Kf7
32.Bf6xd8 Qc3xe5
33.Qh8xe5 { resign }
1-0

[Event "Tourn. n9049"]
[Site "www.chess-mail.com"]
[Date "2016.11.27"]
[Round "1"]
[White "Madz123456"]
[Black "Vasylpuzanov"]
[WhiteElo "1420"]
[BlackElo "1530"]
[Result "1-0"]
[Round "1"]
1.e4 e5
2.Ng1f3 Nb8c6
3.Bf1b5 f5
4.Nb1c3 d6
5.d4 Bc8d7
6.exf5 Nc6xd4
7.Nf3xd4 exd4
8.O-O  { time }
1-0

[Event "Tourn. n8995"]
[Site "www.chess-mail.com"]
[Date "2016.11.27"]
[Round "1"]
[White "Luban"]
[Black "Julian"]
[WhiteElo "1990"]
[BlackElo "1990"]
[Result "1-0"]
[Round "1"]
1.d4 Ng8f6
2.c4 g6
3.Nb1c3 c6
4.e3 d5
5.h3 Bf8g7
6.Ng1f3 O-O
7.Bf1d3 Nb8d7
8.O-O Rf8e8
9.b3 e5
10.dxe5 Nd7xe5
11.Bc1b2 Ne5xf3
12.Qd1xf3 Nf6e4
13.Bd3xe4 dxe4
14.Qf3e2 Qd8d3
15.Qe2xd3 exd3
16.Ra1d1 Bc8f5
17.Rd1d2 Ra8d8
18.Rf1d1 b5
19.cxb5 cxb5
20.Nc3xb5 Bg7xb2
21.Rd2xb2 Re8e5
22.Nb5d4 Rd8c8
23.Nd4xf5 Re5xf5
24.Rd1xd3 Rf5c5
25.Rb2d2 a5
26.Kh2 Kg7
27.f3 Rc5c2
28.Kg3 h6
29.e4 Rc8c5
30.f4 Rc5c3
31.Rd3xc3 Rc2xd2
32.a4 h5
33.Kf3 f6
34.g4 hxg4
35.hxg4 f5
36.gxf5 gxf5
37.e5 Kf7
38.Kg3 Rd2d4
39.Rc3c7 Ke6
40.Rc7a7 Rd4d3
41.Kh4 Rd3xb3
42.Ra7xa5 Rb3b4
43.Kg5 Rb4b1
44.Kg6 Rb1g1
45.Kh7 Kf7
46.Ra5a6 Rg1h1
47.Ra6h6 Rh1a1
48.Rh6f6 Ke7
49.Rf6xf5 Ra1xa4
50.Kg6 Ra4a6
51.Rf5f6 Ra6a1
52.e6 Ra1g1
53.Kf5 Rg1f1
54.Rf6f7 Ke8
55.Kg6 Rf1g1
56.Kf6 Rg1h1
57.f5 Rh1g1
58.e7 { resign }
1-0

[Event "Tourn. n9057"]
[Site "www.chess-mail.com"]
[Date "2016.11.27"]
[Round "1"]
[White "Romaamor69"]
[Black "Aperturaf"]
[WhiteElo "2420"]
[BlackElo "2300"]
[Result "1/2-1/2"]
[Round "1"]
1.Ng1f3 d5
2.c4 e6
3.g3 c6
4.Bf1g2 Ng8f6
5.O-O dxc4
6.a4 Nb8a6
7.Qd1c2 b5
8.d3 Na6b4
9.Qc2d2 cxd3
10.Nf3e5 bxa4
11.Ne5xc6 Nb4xc6
12.Bg2xc6 Bc8d7
13.Bc6xa8 dxe2
14.Qd2xe2 Qd8xa8
15.Nb1c3 a6
16.Qe2e5 { draw }
1/2-1/2

[Event "Tourn. n8945"]
[Site "www.chess-mail.com"]
[Date "2016.11.27"]
[Round "1"]
[White "Jesmantiz"]
[Black "Goofy"]
[WhiteElo "2200"]
[BlackElo "2310"]
[Result "0-1"]
[Round "1"]
1.d4 d5
2.e3 c6
3.Bf1d3 e6
4.Nb1d2 f5
5.a3 Ng8f6
6.f3 Bf8d6
7.Ng1e2 O-O
8.O-O Qd8e8
9.f4 Nf6g4
10.Nd2f3 Rf8f6
11.c4 Rf6h6
12.h3 Ng4f6
13.Nf3g5 Nf6e4
14.Bd3xe4 fxe4
15.c5 Bd6e7
16.Ne2g3 Rh6h4
17.Qd1e1 h6
18.Ng3xe4 hxg5
19.Ne4d6 Be7xd6
20.fxg5 Rh4h5
21.cxd6 Rh5xg5
22.e4 Rg5h5
23.e5 b6
24.Qe1g3 a5
25.Bc1e3 Ra8a7
26.Rf1f6 Ra7f7
27.Ra1f1 Rf7xf6
28.Rf1xf6 Rh5f5
29.Rf6g6 Rf5f7
30.Qg3h4 Bc8d7
31.Be3g5 Rf7f1
32.Kxf1 Qe8xg6
33.Bg5e3 Qg6e8
34.Be3d2 Nb8a6
35.Qh4g5 c5
36.dxc5 Na6xc5
37.Bd2e3 Bd7b5
38.Kg1 Qe8f8
39.b4 Nc5e4
40.Qg5g4 Qf8f1
41.Kh2 Qf1f5
42.Be3d4 Qf5xg4
43.hxg4 axb4
44.axb4 Kf7
45.Bd4xb6 Ne4c3
46.Kg3 Kg6
47.Kh4 Nc3e2
48.g3 d4
49.Bb6d8 d3
50.Bd8g5 Ne2g1
51.Bg5f4 Ng1f3
52.Kh3 d2
53.Bf4xd2 Bb5f1
{ resign }
0-1

[Event "Tourn. n9063"]
[Site "www.chess-mail.com"]
[Date "2016.11.27"]
[Round "1"]
[White "Caspito"]
[Black "Cernunnoss"]
[WhiteElo "1860"]
[BlackElo "1700"]
[Result "0-1"]
[Round "1"]
1.e4 d5
2.e5 c5
3.Qd1f3 Nb8c6
4.Bf1b5 e6
5.c3 Bc8d7
6.Ng1h3 Nc6xe5
7.Bb5xd7 Qd8xd7
8.Qf3f4 Ne5d3
9.Ke2 Nd3xf4
10.Nh3xf4 Bf8d6
11.Nf4h5 O-O-O
12.Rh1e1 Ng8f6
13.Nh5xf6 gxf6
14.g3 e5
15.d3 Rd8e8
16.Kf1 Qd7h3
{ resign }
0-1

[Event "Tourn. n9054"]
[Site "www.chess-mail.com"]
[Date "2016.11.27"]
[Round "1"]
[White "Passaroa25"]
[Black "Azulmarino"]
[WhiteElo "1590"]
[BlackElo "1610"]
[Result "0-1"]
[Round "1"]
1.e4 e5
2.Ng1e2 Ng8f6
3.f3 Bf8c5
4.Ne2g3 d5
5.d3 dxe4
6.Ng3xe4 Qd8d4
7.Ne4xc5 Qd4xc5
8.Bf1e2 Bc8e6
9.Nb1d2 O-O
10.Nd2e4 Nf6xe4
11.fxe4 f5
12.Bc1d2 fxe4
13.b4 Qc5f2

0-1

[Event "Match"]
[Site "www.echecsemail.com"]
[Date "2016.11.27"]
[Round "1"]
[White "Jwc"]
[Black "Olddog55"]
[WhiteElo "1499"]
[BlackElo "1800"]
[Result "0-1"]
[Round "1"]
1.d4 d5
2.Nb1c3 g6
3.e4 e6
4.e5 Bf8g7
5.Bc1e3 Ng8e7
6.Qd1d3 O-O
7.O-O-O c5
8.Ng1f3 Ne7c6
9.Bf1e2 Nb8d7
10.Be3g5 f6
11.exf6 Bg7xf6
12.h4 c4
13.Qd3e3 e5
14.Nc3b5 a6
15.Nb5d6 exd4
16.Nf3xd4 Qd8b6
17.Kb1 Bf6xd4
18.Qe3e6 Kh8
 { time }
0-1

[Event "Match"]
[Site "www.echecsemail.com"]
[Date "2016.11.27"]
[Round "1"]
[White "Cal"]
[Black "Osmundw"]
[WhiteElo "1680"]
[BlackElo "1430"]
[Result "1-0"]
[Round "1"]
1.c4 e5
2.e4 c6
3.d3 Bf8b4
4.Bc1d2 Qd8a5
5.a3 Bb4xd2
6.Nb1xd2 d5
7.cxd5 cxd5
8.b4 Qa5b5
9.Ng1f3 Nb8d7
10.d4 Qb5b6
11.exd5 e4
12.Nd2xe4 f5
13.Ne4g5 Nd7f6
14.h3 h6
15.Qd1e2 Bc8e6
16.dxe6 Ra8d8
17.Ng5f7 Qb6xd4
18.Nf3xd4 Rd8xd4
19.Qe2b5 Ke7
20.Qb5c5 Kxe6
21.Bf1c4 Rd4d5
22.Nf7xh8 Nf6e4
23.Bc4xd5 Ke5
24.Nh8f7 Kf6
25.Qc5d4 Kg6
26.O-O Ng8f6
27.Bd5e6 h5
28.Nf7e5 Kg5
29.Qd4e3 Kh4
30.Ne5g6 { resign }
1-0

[Event "Match"]
[Site "www.echecsemail.com"]
[Date "2016.11.27"]
[Round "1"]
[White "Mitja"]
[Black "Bojan"]
[WhiteElo "2000"]
[BlackElo "2060"]
[Result "0-1"]
[Round "1"]
1.d4 d5
2.e3 Bc8e6
3.h3 a6
4.c3 Qd8d7
5.Nb1d2 Be6f5
6.Nd2b3 Nb8c6
7.Nb3c5 Qd7c8
8.Bf1e2 b6
9.Nc5b3 e6
10.Be2f3 Ng8f6
11.Ng1e2 Bf8d6
12.Nb3d2 h5
13.b3 Nf6e4
14.Nd2xe4 dxe4
15.Bf3xe4 Bf5xe4
16.O-O e5
17.Ne2g3 Be4g6
18.dxe5 Nc6xe5
19.Qd1d4 Qc8e6
20.f4 O-O
21.f5 Ne5c6
22.Qd4h4 Bd6xg3
23.Qh4xg3 Bg6xf5
24.Bc1b2 Ra8c8
25.c4 g6
26.Ra1e1 Rf8e8
27.Qg3g5 Kh7
28.Qg5f4 Nc6b4
29.Qf4d4 Re8g8
30.e4 Bf5xh3
31.gxh3 Nb4c2
32.Qd4d5 Nc2xe1
33.Qd5xe6 fxe6
34.Rf1f7 Kh6
35.Bb2c1 g5
36.h4 Rg8g7
37.hxg5 Kg6
38.Rf7f6 Kh7
{ resign }
0-1

[Event "Match"]
[Site "www.echecsemail.com"]
[Date "2016.11.27"]
[Round "1"]
[White "Add"]
[Black "Tonino1"]
[WhiteElo "2090"]
[BlackElo "2030"]
[Result "1/2-1/2"]
[Round "1"]
1.e4 c6
2.d4 d5
3.e5 Bc8f5
4.c3 e6
5.Bf1d3 Bf5xd3
6.Qd1xd3 Qd8a5
7.Bc1d2 Qa5a6
8.Qd3xa6 Nb8xa6
9.Ng1f3 c5
10.O-O c4
11.a4 Ng8e7
12.Nb1a3 Na6c7
13.Na3b5 Nc7xb5
14.axb5 Ne7c8
15.Bd2g5 h6
16.Bg5h4 g5
17.Bh4g3 Bf8e7
18.h3 h5
19.Nf3d2 Nc8b6
20.Ra1a2 Kd7
21.b3 Rh8c8
22.b4 a6
23.bxa6 Ra8xa6
24.Ra2xa6 bxa6
25.Rf1a1 Rc8a8
26.f4 g4
27.h4 Be7d8
28.Nd2f1 Nb6c8
29.Nf1e3 a5
30.bxa5 Ra8xa5
31.Ra1xa5 Bd8xa5
32.Bg3e1 Nc8b6
33.g3 Kc6
34.f5 Nb6a4
35.fxe6 fxe6
36.Ne3d1 Na4b6
37.Kf2 Kb5
38.Nd1b2 Nb6a4
39.Nb2d1 Na4b6
40.Nd1b2 { draw }
1/2-1/2

[Event "Match"]
[Site "www.echecsemail.com"]
[Date "2016.11.27"]
[Round "1"]
[White "Raulazo"]
[Black "Luban"]
[WhiteElo "1910"]
[BlackElo "1920"]
[Result "0-1"]
[Round "1"]
1.Ng1f3 d5
2.e3 c5
3.Bf1b5 Bc8d7
4.Qd1e2 Nb8c6
5.Bb5xc6 Bd7xc6
6.Nf3e5 Qd8c7
7.f4 Ng8f6
8.d4 e6
9.Nb1c3 cxd4
10.exd4 Bf8b4
11.O-O Bb4xc3
12.bxc3 Ra8c8
13.Bc1a3 a6
14.Qe2e3 Bc6b5
15.Rf1f3 Nf6e4
16.f5 Qc7xc3
17.Ra1c1 Qc3xe3
18.Rf3xe3 exf5
19.Re3f3 f6
20.Ne5d3 g6
21.Ba3c5 Kf7
22.Nd3b2 Ne4xc5
23.dxc5 Rc8xc5
24.a4 Bb5c6
25.Nb2d3 Rc5a5
26.Rf3f4 Ra5xa4
27.Rf4f2 Ra4e4
28.Nd3c5 Re4e7
29.Rc1b1 Rh8e8
30.Rf2f3 d4
31.Rf3d3 Re7e2
32.Nc5xb7 Re2xg2
33.Kf1 Re8e2
34.Nb7d6 Kg7
35.Rd3xd4 Re2xc2
36.Nd6c4 Rg2xh2
37.Kg1 Rh2h1
{ resign }
0-1

[Event "Match"]
[Site "www.echecsemail.com"]
[Date "2016.11.27"]
[Round "1"]
[White "Yakke"]
[Black "Ikke"]
[WhiteElo "1800"]
[BlackElo "1099"]
[Result "1/2-1/2"]
[Round "1"]
1.e4 g6
2.Ng1f3 e6
3.d4 h6
4.Nb1c3 g5
5.e5 g4
6.Nf3g1 h5
7.Bc1e3 Nb8c6
8.a3 d5
9.Qd1d2 Bf8e7
10.O-O-O b6
11.h4 a6
12.g3 Nc6a5
13.Bf1e2 b5
14.Nc3a2 { draw }
1/2-1/2

[Event "Match"]
[Site "www.echecsemail.com"]
[Date "2016.11.27"]
[Round "1"]
[White "Wwgia"]
[Black "Osvalazo"]
[WhiteElo "1990"]
[BlackElo "1840"]
[Result "0-1"]
[Round "1"]
1.d4 e6
2.c4 Ng8f6
3.Ng1f3 Bf8b4
4.Nb1d2 O-O
5.a3 Bb4xd2
6.Qd1xd2 Nf6e4
7.Qd2c2 f5
8.g3 c6
9.Bf1g2 Qd8a5
10.b4 Qa5c7
11.O-O b5
12.Bc1b2 bxc4
13.Qc2xc4 g5
14.Qc4d3 Bc8a6
15.Qd3d2 Ne4xd2
16.Nf3xd2 Ba6xe2
17.Rf1e1 Be2h5
18.Nd2c4 f4
{ resign }
0-1